31 jesuitas se confiesan : imago mundi /

Gardado en:
Detalles Bibliográficos
Autor Principal: Gómez-Olivier, Valentí (autor)
Outros autores: Benítez, Josep M. (autor) (autor)
Formato: Libro
Idioma:Lingua castelá
Publicado: Barcelona, España : Península, 2003, c2003
Etiquetas: Engadir etiqueta
Sen Etiquetas, Sexa o primeiro en etiquetar este rexistro!

MARC

LEADER 00000nam^a2200000^a^4500
001 000446453
005 20250521000000.0
009 20260310123608.775
020 |a 84-8307-578-4 
037 |a Acervo Xavier Clavigero 
041 |a ESP 
091 |a FCA. 01454 
100 |a Gómez-Olivier, Valentí  |e (autor) 
245 1 0 |a 31 jesuitas se confiesan :  |b imago mundi / 
264 4 |a Barcelona, España :  |b Península,  |c 2003, c2003 
300 |a 591 p. 
336 |a texto  |b txt  |2 rdacontenido 
337 |a sin mediación  |b n  |2 rdamedio 
338 |a volumen  |b nc  |2 rdasoporte 
649 |a XX 
700 |a Benítez, Josep M.  |e (autor) 
910 |a Fondo Xavier Cacho Vázquez S.J. 
920 |a Impresos - Libros 
930 |a Fondos Especiales 
905 |a 131 
901 |a 0500376761  |b IT2  |c ESP  |i D  |u 20250521 
902 |a https://opac.biblio.iteso.mx/vufind/Record/000446453